000
00311nam a22001337a 4500
008
180313b xxu||||| |||| 00| 0 eng d
020
_a
2900130782976
041
_a
eng
080
_a
658
100
_a
54
101
_a
MAN
245
_a
FOUNDATIONS OPERATIONS MANAGEMENT
_c
658 RITZAM.L.P
942
_2
udc
_c
BK
999
_c
44926
_d
44926